00233 a2200097 450000500170000008200120001710000160002924500300004526000350007530000250011020250417152452.0 aF CLE aCLEWES, D.  aSkyraker and the Iron IMP aLondon, bHutchinson, c1962.  a64p., ill., c21cm.